უჩვეულო ხასიათები / (ბიბ.ჩანაწერი № 61952)
[ მარტივი ფორმატი ]
| 000 -ლიდერი | |
|---|---|
| ფიქსირებული სიგრძის საკონტროლო ველი | 00778nam a22001937a 4500 |
| 003 - საკონტროლო ნომრის იდენტიფიკატორი | |
| საკონტროლო ველი | Ge_BSU |
| 005 - ბოლო ოპერაციის თარიღი და დრო | |
| საკონტროლო ველი | 20240614112939.0 |
| 008 - ფიქსირებული სიგრძის მონაცემთა ელემენტები - ზოგადი ინფორმაცია | |
| ფიქსირებული სიგრძის საკონტროლო ველი | 240614s1987 ge ||||| |||| 00| 0 geo d |
| 041 ## - ენის კოდი | |
| Language code of text/sound track or separate title | geo |
| 080 ## - უნივერსალური ათობითი კლასიფიკაციის ინდექსი | |
| Universal Decimal Classification number | 159.923.3 ბ-95 |
| 100 ## - მთავარი ჩანაწერი - პიროვნების სახელი | |
| Personal name | ბუიანოვი, მ.ი. |
| 9 (RLIN) | 22432 |
| 245 ## - ცნობა სათაურის შესახებ | |
| Title | უჩვეულო ხასიათები / |
| Statement of responsibility, etc | მ.ი. ბუიანოვი; [თარგმნა თ. მგელაძემ]. |
| 264 ## - წარმოების, გამოცემის, დისტრიბუციის და სხვა ცნობები | |
| გამოცემის, წარმოების, დისტრიბუციის... ადგილი | თბილისი : |
| გამოცემის, წარმოების, დისტრიბუციის... სახელწოდება | საბჭოთა საქართველო, |
| გამოცემის, წარმოების, დისტრიბუციის... თარიღი | 1987. |
| 300 ## - ფიზიკური აღწერა | |
| Extent | 141 გვ. ; |
| Other physical details | 20 სმ. |
| 653 ## - INDEX TERM--UNCONTROLLED | |
| Uncontrolled term | ფსიქოლოგია |
| 653 ## - INDEX TERM--UNCONTROLLED | |
| Uncontrolled term | ხასიათი |
| 700 ## - ADDED ENTRY--PERSONAL NAME | |
| Personal name | მგელაძე, თ. |
| Relator term | მთარგმნელი |
| 9 (RLIN) | 3881 |
| 942 ## - ADDED ENTRY ELEMENTS (KOHA) | |
| Source of classification or shelving scheme | |
| Koha item type | წიგნი |
არაა ხელმისაწვდომი ეგზემპლარები.
